Shakespearian production, (Record no. 18475)
[ view plain ]
| 000 -LEADER | |
|---|---|
| fixed length control field | 01129cam a22003251 4500 |
| 001 - CONTROL NUMBER | |
| control field | 18475 |
| 003 - CONTROL NUMBER IDENTIFIER | |
| rucl marc code | BD-RjUL |
| 005 - DATE AND TIME OF LATEST TRANSACTION | |
| control field | 20211209000306.0 |
| 008 - FIXED-LENGTH DATA ELEMENTS--GENERAL INFORMATION | |
| fixed length control field | 140220s1968 enkafh b 000 0 eng |
| 020 ## - INTERNATIONAL STANDARD BOOK NUMBER | |
| International Standard Book Number | 0710060653 |
| 035 ## - SYSTEM CONTROL NUMBER | |
| System control number | (BD-RjUL)18533 |
| 040 ## - CATALOGING SOURCE | |
| Original cataloging agency | DLC |
| Transcribing agency | DLC |
| Modifying agency | DLC |
| -- | BD-RjUL |
| Language of cataloging | eng |
| 041 ## - LANGUAGE CODE | |
| Language code of text/sound track or separate title | eng |
| 082 00 - DEWEY DECIMAL CLASSIFICATION NUMBER | |
| Classification number | 792.09 |
| Author mark and year | KNS |
| 100 1# - MAIN ENTRY--PERSONAL NAME | |
| Personal name | Knight, George Wilson, |
| Dates associated with a name | 1897- |
| 9 (RLIN) | 56919 |
| 245 10 - TITLE STATEMENT | |
| Title | Shakespearian production, |
| Remainder of title | with especial reference to the tragedies / |
| Statement of responsibility, etc. | G. Wilson Knight. |
| 250 ## - EDITION STATEMENT | |
| Edition statement | [New ed.] |
| 260 ## - PUBLICATION, DISTRIBUTION, ETC. (IMPRINT) | |
| Place of publication, distribution, etc. | London : |
| Name of publisher, distributor, etc. | Routledge & K. Paul, |
| Date of publication, distribution, etc. | 1968. |
| 300 ## - PHYSICAL DESCRIPTION | |
| Pagination | 3-323 p. : |
| Illustrations | 15 plates, illus., facsims. ; |
| Size | 22 cm. |
| 350 ## - PRICE (NR) (BK AM CF MU VM SE) [OBSOLETE] | |
| Price | 18/- |
| 490 0# - SERIES STATEMENT | |
| Series statement | Routledge paperback |
| 500 ## - GENERAL NOTE | |
| General note | "The early chapters originally published under the title Principles of Shakespearian production." |
| 504 ## - BIBLIOGRAPHY, ETC. NOTE | |
| Bibliography, etc | Bibliographical footnotes. |
| 600 10 - SUBJECT ADDED ENTRY--PERSONAL NAME | |
| Personal name | Shakespeare, William, |
| Dates associated with a name | 1564-1616 |
| General subdivision | Dramatic production. |
| Personal name | Shakespeare, William, |
| Dates associated with a name | 1564-1616 |
| General subdivision | Tragedies. |
| 942 ## - ADDED ENTRY ELEMENTS (KOHA) | |
| Source of classification or shelving scheme | Dewey Decimal Classification |
| Koha item type | Books |
| Lost status | Source of classification or shelving scheme | Damaged status | Not for loan | Collection code | Permanent Location | Current Location | Shelving location | Date acquired | Source of acquisition | Cost, normal purchase price | Total Checkouts | Full call number | Date last seen | Copy number | Koha item type |
|---|---|---|---|---|---|---|---|---|---|---|---|---|---|---|---|
| Dewey Decimal Classification | Not For Loan | Non-fiction | Central Library, University of Rajshahi | Central Library, University of Rajshahi | Reading Room | 14/05/1974 | Oxford university press | 22.00 | 792.09 KNS 1968 | 20/02/2014 | C-1 | Books | |||
| Dewey Decimal Classification | Non-fiction | Central Library, University of Rajshahi | Central Library, University of Rajshahi | 03/02/1973 | Oxford University press, | 19.80 | 792.09 KNS 1968 | 31/01/2017 | C-2 | Books |